Statistics for Silver Morozov Quiz

Click here to take the quiz!

General Stats

  • This quiz has been taken 9 times
  • The average score is 11 of 15

Answer Stats

HintAnswer% Correct
What is his cats nameFelix
100%
What color is his catOrange
100%
Where does he liveTartu maantee
100%
What color is heWhite
100%
Who is his momAnnu
75%
Who does he look likeEd Sheeran
75%
Where does he go to schoolJõgeva põhikool
75%
What does he say when he's madKäi perse
75%
What does he always wantPelu
75%
Who does he hateAts Viira
50%
What does he always haveChips
50%
What is he diagnosed withEpilepsy
50%
When is his birthdayJanuary 5
50%
What does he not haveLeft eye
50%
Collab?Yes
50%

Score Distribution

Percentile by Number Answered

Percent of People with Each Score

Your Score History

You have not taken this quiz